| 000 | 00635nam a2200241Ia 4500 | ||
|---|---|---|---|
| 003 | OSt | ||
| 005 | 20221006160938.0 | ||
| 006 | a|||||r|||| 00| 0 | ||
| 007 | ta | ||
| 008 | 221006b |||||||| |||| 00| 0 eng d | ||
| 020 | _a0804816107 | ||
| 024 | _a46,913 | ||
| 037 | _cTextual | ||
| 040 |
_aEASL _cEASL _beng |
||
| 041 |
_2eng _aeng |
||
| 082 | _aP42,3, N1 | ||
| 100 |
_aDROHAN Francis G. _9675524 |
||
| 245 | 0 | _aHandbook of Japanese usage. | |
| 260 |
_aTokyo _bCharles E. Tuttle Company Japan _c1991 |
||
| 300 |
_a314p. _ccm. |
||
| 942 |
_hP42,3, N1 _cTEXL _2CC |
||
| 999 |
_c1115002 _d1115002 |
||